[Event "Mittelfranken-chTB2a 1617"]
[Site "Mittelfranken"]
[Date "2017.01.22"]
[Round "5.7"]
[White "Koerber, Christian"]
[Black "Kirsch, Heinrich"]
[Result "0-1"]
[WhiteElo "1700"]
[BlackElo "1819"]
[PlyCount "134"]
[EventDate "2016.10.23"]
[EventType "team-tourn"]
[EventRounds "9"]
[EventCountry "GER"]
[SourceTitle "EXT 2022"]
[Source "ChessBase"]
[SourceDate "2021.10.06"]
[SourceVersion "1"]
[SourceVersionDate "2021.10.06"]
[SourceQuality "1"]
[WhiteTeam "Nuernberg Sued SW IV"]
[BlackTeam "Erlangen Siemens"]
[WhiteTeamCountry "GER"]
[BlackTeamCountry "GER"]

1. d4 Nf6 2. Nf3 e6 3. e3 b6 4. Bd3 Bb7 5. 0-0 Nc6 6. b3 Nb4 7. Be2 c5 8. a3 Nc6 9. Bb2 Qc7 10. Nbd2 cxd4 11. exd4 Rc8 12. c4 d5 13. Rc1 dxc4 14. bxc4 Be7 15. d5 Nd8 16. Be5 Qd7 17. d6 Bxd6 18. Bxd6 Qxd6 19. Qa4+ Qc6 20. Qb4 Qc5 21. Qa4+ Bc6 22. Qxa7 Ra8 23. Qc7 Bxf3 24. Qxc5 bxc5 25. Bxf3 Rxa3 26. Rb1 Ra7 27. Rb5 Nd7 28. Nb3 Rc7 29. Ra1 Ke7 30. Raa5 Nc6 31. Bxc6 Rxc6 32. Nxc5 Nxc5 33. Rxc5 Rxc5 34. Rxc5 Kd6 35. Ra5 Rc8 36. g3 Rxc4 37. Ra8 h5 38. Kg2 h4 39. Ra7 Rc7 40. Ra6+ Ke5 41. Ra5+ Kf6 42. gxh4 Rc4 43. Kg3 Kg6 44. Re5 Rd4 45. Rg5+ Kh6 46. Re5 Rd5 47. Re4 e5 48. f4 f6 49. fxe5 fxe5 50. Rg4 Rd3+ 51. Kg2 g6 52. Kf2 Rd4 53. Rg5 Rf4+ 54. Ke3 Rxh4 55. Rxe5 Rxh2 56. Re8 Kg5 57. Kf3 Rh3+ 58. Kg2 Rb3 59. Ra8 Kh4 60. Ra4+ Kh5 61. Rf4 g5 62. Rf3 Rxf3 63. Kxf3 Kh4 64. Kg2 Kg4 65. Kf1 Kg3 66. Kg1 g4 67. Kh1 Kf2 0-1

[Event "Mittelfranken-chTB2a 1617"]
[Site "Mittelfranken"]
[Date "2016.11.27"]
[Round "3.8"]
[White "Kirsch, Heinrich"]
[Black "Sawitzki, Nikolaus"]
[Result "1-0"]
[WhiteElo "1819"]
[BlackElo "1715"]
[PlyCount "77"]
[EventDate "2016.10.23"]
[EventType "team-tourn"]
[EventRounds "9"]
[EventCountry "GER"]
[SourceTitle "EXT 2022"]
[Source "ChessBase"]
[SourceDate "2021.10.06"]
[SourceVersion "1"]
[SourceVersionDate "2021.10.06"]
[SourceQuality "1"]
[WhiteTeam "Erlangen Siemens"]
[BlackTeam "Fuerth SG"]
[WhiteTeamCountry "GER"]
[BlackTeamCountry "GER"]

1. d4 d5 2. Nf3 Nf6 3. c3 e6 4. Bg5 Be7 5. Nbd2 Nbd7 6. e3 0-0 7. Bd3 c5 8. Rc1 h6 9. Bf4 cxd4 10. exd4 b6 11. h3 Nh7 12. Qc2 f5 13. 0-0 Ng5 14. Rce1 Nxf3+ 15. Nxf3 Nf6 16. Ne5 Bd6 17. f3 a5 18. Qf2 Nh5 19. Bc1 f4 20. Qc2 Bxe5 21. Rxe5 Ng3 22. Rfe1 Ra7 23. b3 g5 24. Qf2 Qf6 25. c4 Rd8 26. Ba3 a4 27. Bb4 axb3 28. axb3 Nh5 29. cxd5 Rxd5 30. Rxd5 exd5 31. Re8+ Kf7 32. Rf8+ Kg7 33. Rxf6 Ra1+ 34. Be1 Kxf6 35. Qe2 Ng3 36. Qe5+ Kf7 37. Kh2 Be6 38. Bxg3 fxg3+ 39. Qxg3 1-0

[Event "Mittelfranken-chTB1 1415"]
[Site "Mittelfranken"]
[Date "2015.03.08"]
[Round "7.8"]
[White "Krasotin, Valentin"]
[Black "Kirsch, Heinrich"]
[Result "1-0"]
[WhiteElo "1855"]
[BlackElo "1743"]
[PlyCount "61"]
[EventDate "2014.09.29"]
[EventType "team-tourn"]
[EventRounds "9"]
[EventCountry "GER"]
[SourceTitle "EXT 2020"]
[Source "ChessBase"]
[SourceDate "2019.10.17"]
[SourceVersion "1"]
[SourceVersionDate "2019.10.17"]
[SourceQuality "1"]
[WhiteTeam "Nuernberg Sued SW III"]
[BlackTeam "Siemens Erlangen"]
[WhiteTeamCountry "GER"]
[BlackTeamCountry "GER"]

1. e4 e5 2. Nf3 Nc6 3. Bc4 Nd4 4. c3 Nxf3+ 5. Qxf3 Qf6 6. d4 Qxf3 7. gxf3 exd4 8. cxd4 Bb4+ 9. Nc3 c6 10. Rg1 g6 11. Bg5 d6 12. 0-0-0 f6 13. Bxg8 fxg5 14. Bb3 Rf8 15. Rd3 g4 16. Bd1 Be6 17. d5 Bxc3 18. dxe6 Be5 19. Rxg4 Bxh2 20. Bb3 Ke7 21. Kc2 Rf4 22. Rg2 Rh4 23. Rg4 Rxg4 24. fxg4 Rf8 25. Rh3 Rxf2+ 26. Kd3 b5 27. Rxh7+ Ke8 28. Rxa7 Be5 29. Rc7 c5 30. Bd5 Rf8 31. Bc6+ 1-0

[Event "Mittelfranken-chTB1 1415"]
[Site "Mittelfranken"]
[Date "2014.10.12"]
[Round "2.8"]
[White "Kirsch, Heinrich"]
[Black "Wellmann, Franz Georg"]
[Result "0-1"]
[WhiteElo "1743"]
[BlackElo "1770"]
[PlyCount "42"]
[EventDate "2014.09.29"]
[EventType "team-tourn"]
[EventRounds "9"]
[EventCountry "GER"]
[SourceTitle "EXT 2020"]
[Source "ChessBase"]
[SourceDate "2019.10.17"]
[SourceVersion "1"]
[SourceVersionDate "2019.10.17"]
[SourceQuality "1"]
[WhiteTeam "Siemens Erlangen"]
[BlackTeam "Herzogenaurach"]
[WhiteTeamCountry "GER"]
[BlackTeamCountry "GER"]

1. d4 c5 2. c3 e6 3. Nf3 d5 4. Bf4 Nc6 5. e3 c4 6. Nbd2 f5 7. Ne5 Nxe5 8. Bxe5 Nh6 9. Be2 Nf7 10. Bh5 g6 11. Bxh8 Nxh8 12. Bf3 e5 13. dxe5 Nf7 14. Qa4+ Bd7 15. Qc2 Bc6 16. 0-0-0 Nxe5 17. Be2 Qa5 18. f4 Nd7 19. b3 Qb6 20. Rhe1 0-0-0 21. bxc4 Ba3+ 0-1

[Event "Mittelfranken-chTB2b 1314"]
[Site "Mittelfranken"]
[Date "2014.03.09"]
[Round "7.6"]
[White "Lenz, Harald"]
[Black "Kirsch, Heinrich"]
[Result "1/2-1/2"]
[WhiteElo "1742"]
[BlackElo "1743"]
[PlyCount "147"]
[EventDate "2013.10.20"]
[EventType "team-tourn"]
[EventRounds "9"]
[EventCountry "GER"]
[SourceTitle "EXT 2020"]
[Source "ChessBase"]
[SourceDate "2019.10.17"]
[SourceVersion "1"]
[SourceVersionDate "2019.10.17"]
[SourceQuality "1"]
[WhiteTeam "Nuernberg NT IV"]
[BlackTeam "Siemens Erlangen"]
[WhiteTeamCountry "GER"]
[BlackTeamCountry "GER"]

1. d4 Nf6 2. g3 d5 3. Bg2 Bf5 4. Nf3 h6 5. 0-0 c6 6. Nbd2 Nbd7 7. c4 e6 8. Qb3 Qc7 9. Re1 g5 10. h4 g4 11. Nh2 h5 12. e4 dxe4 13. Nxe4 Nxe4 14. Bxe4 Bxe4 15. Rxe4 Bh6 16. Bxh6 Rxh6 17. d5 Rf6 18. Re2 0-0-0 19. Rae1 exd5 20. cxd5 c5 21. Re7 Qd6 22. Qd3 Qb6 23. R1e2 Qd6 24. Nf1 Rf3 25. Qd2 Rf5 26. Ne3 Rxf2 27. Rxf2 Qxe7 28. Nf5 Qe5 29. Qg5 Rh8 30. Qg7 Qxg7 31. Nxg7 Rh7 32. Rxf7 b5 33. Kf2 a5 34. Ke2 Rh6 35. Nf5 Rf6 36. Rxf6 Nxf6 37. d6 Kd7 38. Ke3 Ke6 39. Kf4 a4 40. Kg5 b4 41. b3 a3 42. Ne3 Ne4+ 43. Kxh5 Nxg3+ 44. Kxg4 Ne4 45. Nc4 Nxd6 46. Nd2 Kf6 47. Kf4 Nb5 48. Ne4+ Kg6 49. Nxc5 Nc3 50. Nd3 Nxa2 51. Ke5 Kh5 52. Kf4 Kxh4 53. Ke3 Kg3 54. Kd2 Kf3 55. Kc2 Ke3 56. Nc5 Nc3 57. Na6 Nd5 58. Nc5 Kd4 59. Ne6+ Ke5 60. Nc5 Kd4 61. Ne6+ Ke3 62. Nc5 Nf4 63. Na6 Nd3 64. Kb1 Kd4 65. Nc7 Kc3 66. Nb5+ Kxb3 67. Nd4+ Kc4 68. Nf3 b3 69. Nd2+ Kc3 70. Ne4+ Kd4 71. Nd2 a2+ 72. Ka1 Kc3 73. Nxb3 Nb4 74. Nc1 1/2-1/2

[Event "Mittelfranken-chTB2b 1314"]
[Site "Mittelfranken"]
[Date "2014.02.16"]
[Round "6.5"]
[White "Wichmann, Adrian"]
[Black "Kirsch, Heinrich"]
[Result "0-1"]
[WhiteElo "1973"]
[BlackElo "1743"]
[PlyCount "78"]
[EventDate "2013.10.20"]
[EventType "team-tourn"]
[EventRounds "9"]
[EventCountry "GER"]
[SourceTitle "EXT 2020"]
[Source "ChessBase"]
[SourceDate "2019.10.17"]
[SourceVersion "1"]
[SourceVersionDate "2019.10.17"]
[SourceQuality "1"]
[WhiteTeam "Forchheim III"]
[BlackTeam "Siemens Erlangen"]
[WhiteTeamCountry "GER"]
[BlackTeamCountry "GER"]

1. e4 e5 2. Nf3 Nc6 3. Bc4 Nd4 4. Nxd4 exd4 5. 0-0 d6 6. d3 Qh4 7. Qf3 Qf6 8. Qxf6 Nxf6 9. Nd2 Be6 10. Bxe6 fxe6 11. c3 dxc3 12. bxc3 e5 13. Nb3 h6 14. f4 exf4 15. Bxf4 Nh5 16. Be3 Be7 17. Nd4 Kd7 18. Nf5 g5 19. Nxe7 Kxe7 20. g3 Rhf8 21. Kg2 c5 22. Rab1 b6 23. Bd2 Nf6 24. Rbe1 Nd7 25. d4 Rac8 26. Rxf8 Rxf8 27. Be3 Nf6 28. Bg1 Nd7 29. Be3 Nf6 30. Bg1 g4 31. Re3 cxd4 32. cxd4 Rc8 33. Re2 Rc3 34. e5 dxe5 35. dxe5 Nd5 36. Rd2 Ke6 37. Bd4 Rf3 38. Re2 h5 39. Bb2 Ne3+ 0-1

[Event "Mittelfranken-chTB2b 1314"]
[Site "Mittelfranken"]
[Date "2014.01.12"]
[Round "4.5"]
[White "Kirsch, Heinrich"]
[Black "Beck, Gerhard"]
[Result "0-1"]
[WhiteElo "1743"]
[BlackElo "1692"]
[PlyCount "64"]
[EventDate "2013.10.20"]
[EventType "team-tourn"]
[EventRounds "9"]
[EventCountry "GER"]
[SourceTitle "EXT 2020"]
[Source "ChessBase"]
[SourceDate "2019.10.17"]
[SourceVersion "1"]
[SourceVersionDate "2019.10.17"]
[SourceQuality "1"]
[WhiteTeam "Siemens Erlangen"]
[BlackTeam "Uttenreuth"]
[WhiteTeamCountry "GER"]
[BlackTeamCountry "GER"]

1. d4 Nf6 2. Nf3 g6 3. c3 Bg7 4. Bf4 0-0 5. e3 d6 6. h3 b6 7. Nbd2 Bb7 8. Bd3 Nbd7 9. Bg5 c5 10. 0-0 h6 11. Bh4 e5 12. dxe5 dxe5 13. Nh2 Qe8 14. e4 a6 15. f3 b5 16. c4 b4 17. Nb3 Qc8 18. Na5 Re8 19. a3 Nh5 20. axb4 cxb4 21. Bf2 Nf4 22. Qb3 Bf8 23. Ng4 h5 24. Ne3 Nc5 25. Qxb4 Nfxd3 26. Qc3 Nxf2 27. Rxf2 Nd7 28. b4 Nf6 29. Nd5 Bxd5 30. exd5 Nxd5 31. Qb2 Nxb4 32. Re2 Bc5+ 0-1

[Event "Mittelfranken-chTB2b 1314"]
[Site "Mittelfranken"]
[Date "2013.11.17"]
[Round "2.5"]
[White "Kirsch, Heinrich"]
[Black "Kipferl, Wolfgang"]
[Result "0-1"]
[WhiteElo "1743"]
[BlackElo "1861"]
[PlyCount "88"]
[EventDate "2013.10.20"]
[EventType "team-tourn"]
[EventRounds "9"]
[EventCountry "GER"]
[SourceTitle "EXT 2020"]
[Source "ChessBase"]
[SourceDate "2019.10.17"]
[SourceVersion "1"]
[SourceVersionDate "2019.10.17"]
[SourceQuality "1"]
[WhiteTeam "Siemens Erlangen"]
[BlackTeam "Neumarkt"]
[WhiteTeamCountry "GER"]
[BlackTeamCountry "GER"]

1. d4 g6 2. Nf3 Bg7 3. c3 d6 4. Bf4 Nd7 5. Nbd2 Ngf6 6. e3 c6 7. Be2 0-0 8. h3 h6 9. Qc2 b5 10. 0-0 Bb7 11. b4 Rc8 12. Qb3 Nb6 13. Bh2 a6 14. Nh4 e6 15. Bg3 Qe7 16. Bd3 Nh5 17. Qc2 Nxg3 18. fxg3 c5 19. bxc5 dxc5 20. Qd1 Qg5 21. Qe1 Nd5 22. Be4 Rc7 23. Bxd5 Qxd5 24. Nhf3 f5 25. Nb3 cxd4 26. cxd4 Rfc8 27. Rc1 Rxc1 28. Nxc1 e5 29. Rf2 exd4 30. Rd2 Qe4 31. Nb3 dxe3 32. Re2 Rc3 33. Qd1 Bd5 34. Nbd2 Rd3 35. Qc1 exd2 36. Qc8+ Kh7 37. Rxe4 d1Q+ 38. Re1 Qa4 39. Re7 Bxf3 40. Rxg7+ Kxg7 41. Qc7+ Kf6 42. Qb6+ Kg5 43. h4+ Kh5 44. Qf2 Qd4 0-1

[Event "Mittelfranken-chTB2b 1213"]
[Site "Germany"]
[Date "2013.04.21"]
[Round "8.5"]
[White "Kirsch, Heinrich"]
[Black "Schmidt, Friedrich"]
[Result "1-0"]
[WhiteElo "1795"]
[BlackElo "1692"]
[PlyCount "51"]
[EventDate "2012.10.07"]
[EventType "team-tourn"]
[EventRounds "9"]
[EventCountry "GER"]
[SourceTitle "EXT 2019"]
[Source "ChessBase"]
[SourceDate "2018.10.10"]
[SourceVersion "1"]
[SourceVersionDate "2018.10.10"]
[SourceQuality "1"]
[WhiteTeam "Erlangen Siemens"]
[BlackTeam "Fuerth SG"]
[WhiteTeamCountry "GER"]
[BlackTeamCountry "GER"]

1. d4 Nf6 2. Nf3 e6 3. c3 d5 4. Bf4 b6 5. e3 a5 6. Ne5 Bd7 7. Nd2 Nc6 8. Ndf3 Nxe5 9. Nxe5 h6 10. Bd3 Bd6 11. Qf3 Rc8 12. h4 Qe7 13. g4 c5 14. g5 Ne4 15. Nxd7 Qxd7 16. Bxe4 dxe4 17. Qxe4 hxg5 18. Bxd6 Qxd6 19. hxg5 Rxh1+ 20. Qxh1 Kd7 21. dxc5 Qxc5 22. 0-0-0+ Ke7 23. Qh4 g6 24. Qf4 b5 25. Qf6+ Ke8 26. Rh1 1-0

[Event "Mittelfranken-chTB2b 1213"]
[Site "Germany"]
[Date "2013.02.11"]
[Round "7.6"]
[White "Kirsch, Heinrich"]
[Black "Kulok, Solomon"]
[Result "0-1"]
[WhiteElo "1795"]
[BlackElo "1759"]
[PlyCount "80"]
[EventDate "2012.10.07"]
[EventType "team-tourn"]
[EventRounds "9"]
[EventCountry "GER"]
[SourceTitle "EXT 2019"]
[Source "ChessBase"]
[SourceDate "2018.10.10"]
[SourceVersion "1"]
[SourceVersionDate "2018.10.10"]
[SourceQuality "1"]
[WhiteTeam "Erlangen Siemens"]
[BlackTeam "Nuernberg NT IV"]
[WhiteTeamCountry "GER"]
[BlackTeamCountry "GER"]

1. d4 Nf6 2. Nf3 g6 3. Bf4 Bg7 4. c3 d6 5. Nbd2 0-0 6. h3 c5 7. e3 Nc6 8. Bb5 a6 9. Bxc6 bxc6 10. dxc5 dxc5 11. 0-0 Qb6 12. Qb3 Qb5 13. a4 Qxb3 14. Nxb3 Ne4 15. Nfd2 Nxd2 16. Nxd2 e5 17. Bg5 f6 18. Bh4 Bf5 19. e4 Be6 20. f3 Rab8 21. Rfb1 Rfd8 22. Nf1 Bb3 23. Re1 Kf7 24. Bf2 Bf8 25. Be3 Bc2 26. Ra2 Bb3 27. Raa1 Rd3 28. Nd2 Be6 29. c4 Rxb2 30. Nf1 Bxc4 31. Rec1 Bb3 32. Bxc5 Bh6 33. Rcb1 Rc2 34. Bf2 c5 35. h4 c4 36. Ng3 Rdd2 37. Rf1 Be3 38. Nh1 Bd4 39. Rac1 Bxf2+ 40. Nxf2 Rxf2 0-1

[Event "Mittelfranken-chTB2b 1011"]
[Site "Germany"]
[Date "2010.09.26"]
[Round "1.6"]
[White "Proeschel, Gerhard"]
[Black "Kirsch, Heinrich"]
[Result "1-0"]
[WhiteElo "1835"]
[BlackElo "1782"]
[PlyCount "94"]
[EventDate "2010.09.26"]
[EventType "team-tourn"]
[EventRounds "9"]
[EventCountry "GER"]
[SourceTitle "EXT 2012"]
[Source "ChessBase"]
[SourceDate "2011.11.24"]
[SourceVersion "1"]
[SourceVersionDate "2011.11.24"]
[SourceQuality "1"]
[WhiteTeam "Muehlhof/Schwabach"]
[BlackTeam "Erlangen Siemens"]
[WhiteTeamCountry "GER"]
[BlackTeamCountry "GER"]

1. e4 e5 2. Nf3 Nc6 3. Bb5 a6 4. Ba4 d6 5. d4 b5 6. Bb3 Na5 7. dxe5 Nxb3 8. axb3 Bb7 9. Nc3 dxe5 10. Qxd8+ Rxd8 11. Nxe5 b4 12. Nd5 Bxd5 13. exd5 Rxd5 14. Nc4 Nf6 15. Rxa6 Kd7 16. 0-0 Be7 17. Re1 Re8 18. Ne5+ Kc8 19. Ra8+ Kb7 20. Rxe8 Nxe8 21. Nd3 Rd7 22. Be3 Nf6 23. Ne5 Rd5 24. f4 Bc5 25. Bxc5 Rxc5 26. Re2 Nd5 27. g3 f5 28. Nd3 Ra5 29. Re5 g6 30. Nxb4 Ra1+ 31. Kf2 Nxb4 32. Rb5+ Kc6 33. Rxb4 Rh1 34. Rc4+ Kd6 35. h4 Rb1 36. Rd4+ Ke7 37. Ke2 Rxb2 38. Kd2 Ra2 39. Ra4 Rxa4 40. bxa4 Kd6 41. Kc3 Kc6 42. Kc4 Kb6 43. Kb4 Ka6 44. a5 Kb7 45. Kb5 Ka7 46. c4 Kb7 47. a6+ Ka7 1-0

[Event "Mittelfrankenliga-B2a 0708"]
[Site "Mittelfranken"]
[Date "2007.11.25"]
[Round "3.8"]
[White "Niebler, Andreas"]
[Black "Kirsch, Heinrich"]
[Result "1-0"]
[WhiteElo "1800"]
[BlackElo "1689"]
[PlyCount "115"]
[EventDate "2007.10.14"]
[EventType "team-tourn"]
[EventRounds "9"]
[EventCountry "GER"]
[SourceTitle "EXT 2011"]
[Source "ChessBase"]
[SourceDate "2010.11.26"]
[SourceVersion "1"]
[SourceVersionDate "2010.11.26"]
[SourceQuality "1"]
[WhiteTeam "Neumarkt"]
[BlackTeam "Erlangen Siemens"]
[WhiteTeamCountry "GER"]
[BlackTeamCountry "GER"]

1. d4 Nf6 2. c4 e6 3. Nf3 b6 4. e3 Bb7 5. Be2 c5 6. 0-0 Qc7 7. Nc3 a6 8. b3 d5 9. Bb2 Bd6 10. h3 Nbd7 11. Rc1 dxc4 12. Bxc4 Rd8 13. Qe2 b5 14. Bd3 Qb6 15. Rfd1 0-0 16. Bb1 cxd4 17. Nxd4 Ne5 18. Kh1 Bc5 19. Qe1 Bxd4 20. exd4 Ng6 21. Qe3 Qd6 22. Ne4 Nxe4 23. Bxe4 Bxe4 24. Qxe4 Rc8 25. Qg4 Qf4 26. Kg1 Qxg4 27. hxg4 Nf4 28. Kf1 Nd5 29. g3 Rfd8 30. Ke1 Kf8 31. Rc5 Nb4 32. Ba3 a5 33. Rxb5 Rd5 34. Bxb4+ axb4 35. Rxb4 Rg5 36. Rd2 Rxg4 37. Ke2 Rg5 38. a4 Ra5 39. Kd3 Rf5 40. Ra2 Rf3+ 41. Ke2 Rfc3 42. a5 R3c7 43. a6 Ra8 44. Rb6 Rd7 45. Ke3 Ke8 46. b4 Kd8 47. b5 Rc7 48. Kd3 Rd7 49. Ke4 Rc7 50. Ra3 Rc2 51. f3 Ra7 52. Kd3 Rc1 53. Rc3 Rd1+ 54. Ke3 Re1+ 55. Kd2 Ra1 56. Rb7 Ra8 57. Rxf7 Rb8 58. Rf8+ 1-0

[Event "Mittelfrankenliga-B2a 0607"]
[Site "Mittelfranken"]
[Date "2006.11.12"]
[Round "2.8"]
[White "Kirsch, Heinrich"]
[Black "Gissler, Thomas"]
[Result "1-0"]
[WhiteElo "1627"]
[BlackElo "1553"]
[PlyCount "73"]
[EventDate "2006.10.22"]
[EventType "team-tourn"]
[EventRounds "9"]
[EventCountry "GER"]
[SourceTitle "EXT 2011"]
[Source "ChessBase"]
[SourceDate "2010.11.26"]
[SourceVersion "1"]
[SourceVersionDate "2010.11.26"]
[SourceQuality "1"]
[WhiteTeam "Erlangen Siemens"]
[BlackTeam "Neustadt"]
[WhiteTeamCountry "GER"]
[BlackTeamCountry "GER"]

1. d4 d5 2. Nf3 Bf5 3. Bf4 Nf6 4. h3 h6 5. e3 e6 6. c3 Bd6 7. Ne5 0-0 8. Nd2 Nbd7 9. g4 Bh7 10. h4 Ne4 11. Nxe4 Bxe4 12. f3 Bh7 13. g5 Nxe5 14. dxe5 Be7 15. Rg1 hxg5 16. Bxg5 f5 17. f4 g6 18. h5 Kf7 19. Qf3 Rg8 20. h6 c6 21. Qf2 Bxg5 22. Rxg5 Rh8 23. Qg2 Qf8 24. Rg3 Qxh6 25. Rh3 Qg7 26. c4 Bg8 27. cxd5 cxd5 28. Rc1 Re8 29. Rc7+ Re7 30. Rxe7+ Kxe7 31. Qg5+ Kd7 32. Bb5+ Kc7 33. Rxh8 Qxh8 34. Qe7+ Kb6 35. Bf1 a6 36. b4 Qh7 37. Qc5# 1-0

[Event "Nuremberg Zabo op 07th"]
[Site "Nuremberg"]
[Date "2005.09.25"]
[Round "4"]
[White "Kirsch, Heinrich"]
[Black "Sporrer, Bernhard"]
[Result "0-1"]
[WhiteElo "1670"]
[BlackElo "1932"]
[PlyCount "54"]
[EventDate "2005.09.23"]
[EventType "swiss"]
[EventRounds "5"]
[EventCountry "GER"]
[SourceTitle "EXT 2012"]
[Source "ChessBase"]
[SourceDate "2011.11.24"]
[SourceVersion "1"]
[SourceVersionDate "2011.11.24"]
[SourceQuality "1"]

1. d4 d5 2. Nf3 Nf6 3. c3 c5 4. Bf4 Qb6 5. Qb3 Nc6 6. Qxb6 axb6 7. Bc7 c4 8. Bxb6 Bf5 9. Nbd2 e6 10. Bc7 b5 11. Nh4 Bc2 12. Nb1 b4 13. Be5 Ne4 14. Nf3 Bxb1 15. Rxb1 Rxa2 16. Nd2 bxc3 17. Nxe4 c2 18. Rc1 dxe4 19. Rxc2 c3 20. Rxc3 Bb4 21. Bxg7 Rg8 22. Kd1 Bxc3 23. bxc3 Rxg7 24. g3 f5 25. e3 Rb7 26. Kc1 Ra1+ 27. Kc2 Rbb1 0-1

[Event "Nuremberg Zabo op 07th"]
[Site "Nuremberg"]
[Date "2005.09.24"]
[Round "2"]
[White "Kirsch, Heinrich"]
[Black "Sippl, Martin"]
[Result "0-1"]
[WhiteElo "1670"]
[BlackElo "1943"]
[PlyCount "57"]
[EventDate "2005.09.23"]
[EventType "swiss"]
[EventRounds "5"]
[EventCountry "GER"]
[SourceTitle "EXT 2012"]
[Source "ChessBase"]
[SourceDate "2011.11.24"]
[SourceVersion "1"]
[SourceVersionDate "2011.11.24"]
[SourceQuality "1"]

1. d4 Nf6 2. Nf3 d6 3. Bf4 g6 4. h3 Bg7 5. e3 Nbd7 6. Bb5 a6 7. Ba4 c5 8. Bxd7+ Bxd7 9. 0-0 Qb6 10. b3 Rc8 11. c3 0-0 12. Nbd2 cxd4 13. cxd4 Nd5 14. Bh2 Bb5 15. Nc4 Bxc4 16. bxc4 Rxc4 17. Rb1 Qc6 18. Qd3 Rc8 19. Rb3 b5 20. Nd2 Rc3 21. Qe4 Rc2 22. Qd3 Rxa2 23. Rbb1 Qc2 24. Qxc2 Rcxc2 25. Nf3 Bh6 26. Ra1 Rxf2 27. Rxa2 Rxa2 28. e4 Ne3 29. Rd1 0-1

[Event "GER Cup region"]
[Site "Germany"]
[Date "1999.??.??"]
[Round "3"]
[White "Kirsch, Heinrich"]
[Black "Burggraf, Michael"]
[Result "0-1"]
[WhiteElo "1740"]
[BlackElo "2040"]
[PlyCount "102"]
[EventDate "1999.??.??"]
[EventType "team"]
[EventRounds "2"]
[EventCountry "GER"]
[SourceTitle "EXT 2004"]
[Source "ChessBase"]
[SourceDate "2003.11.25"]
[SourceVersion "1"]
[SourceVersionDate "2003.11.25"]
[SourceQuality "1"]

1. d4 Nf6 2. c4 g6 3. Nf3 Bg7 4. Bg5 0-0 5. Qc1 Re8 6. Nc3 d6 7. Bh6 Bh8 8. h3 e5 9. d5 Nbd7 10. e4 Nc5 11. Nd2 a5 12. Be2 Nh5 13. Nb3 Nxb3 14. axb3 Ng7 15. b4 c6 16. 0-0 f5 17. Bg5 Qb6 18. bxa5 Rxa5 19. Be3 Rxa1 20. Qxa1 Qd8 21. Bh6 Qh4 22. Bxg7 Bxg7 23. dxc6 bxc6 24. Qa4 Bd7 25. c5 d5 26. Nxd5 Qxe4 27. Qxe4 fxe4 28. Nb6 Be6 29. Bc4 Bxc4 30. Nxc4 Rd8 31. Nd6 Rb8 32. Rb1 Rb4 33. Re1 Rxb2 34. Rxe4 Rb1+ 35. Kh2 Rd1 36. Nc8 Kf7 37. Na7 Ke6 38. Rh4 Bf8 39. Nxc6 h5 40. g4 Bxc5 41. gxh5 Bxf2 42. Ra4 gxh5 43. Kg2 Rd2 44. Kf3 Bc5 45. Rh4 Rf2+ 46. Ke4 Rf5 47. Nxe5 Rxe5+ 48. Kf3 Kf6 49. Rf4+ Kg5 50. Rc4 Re3+ 51. Kf2 Rc3+ 0-1